[Event "4NCL/Div2/KHE vs. SWD1"]
[Site "West Bromwich ENG"]
[Date "2004.11.21"]
[Round "4.1"]
[White "McMichael, Richard"]
[Black "Cobb, James E"]
[Result "0-1"]
[WhiteElo "2272"]
[BlackElo "2346"]
[PlyCount "78"]
[EventDate "2004.11.21"]
[SourceDate "2004.09.21"]

1. c4 e5 2. g3 Nf6 3. Bg2 Nc6 4. Nc3 Bc5 5. e3 d5 6. Nxd5 Nxd5 7. cxd5 Nb4 8.
d4 exd4 9. exd4 Be7 10. a3 Nxd5 11. Ne2 O-O 12. Nc3 Be6 13. O-O Re8 14. Re1
Nxc3 15. bxc3 Bd5 16. Bf1 Bf6 17. Rxe8+ Qxe8 18. c4 Be4 19. Ra2 Rd8 20. Rd2 Qd7
21. Bb2 Bg5 22. f4 Bf6 23. Be2 Qe6 24. Bf1 Qb6 25. Ba1 h5 26. c5 Qa5 27. Bb2 b6
28. cxb6 axb6 29. Bg2 Bxg2 30. Kxg2 c5 31. d5 Bxb2 32. Rxb2 Qxa3 33. Rxb6 Qa2+
34. Kf3 Qxh2 35. Qe1 Rxd5 36. Rb8+ Kh7 37. Rb7 Rd3+ 38. Ke4 c4 39. Rxf7 Qg2+
0-1

[Event "4NCL/Div2/KHE vs. SWD1"]
[Site "West Bromwich ENG"]
[Date "2004.11.21"]
[Round "4.2"]
[White "Cooper, John G"]
[Black "Thomas, Richard H"]
[Result "1-0"]
[WhiteElo "2346"]
[BlackElo "2232"]
[PlyCount "109"]
[EventDate "2004.11.21"]
[SourceDate "2004.09.21"]

1. d4 g6 2. c4 Bg7 3. Nc3 d6 4. e4 Nc6 5. Nge2 e5 6. d5 Nce7 7. h4 h5 8. g3 Nh6
9. Bg2 O-O 10. O-O a5 11. Nb5 b6 12. Nec3 Kh7 13. Bd2 Nhg8 14. a3 Bh6 15. f4
Bg4 16. Qc2 Qd7 17. Kh2 f5 18. fxe5 dxe5 19. exf5 Nxf5 20. Ne4 Ne3 21. Bxe3
Bxe3 22. Qc3 Bh6 23. Qxe5 Bg7 24. Qxc7 Qxc7 25. Nxc7 Rac8 26. d6 Bxb2 27. Rxf8
Rxf8 28. Ra2 Bc1 29. Nd5 Rb8 30. a4 Kg7 31. Rc2 Ba3 32. Rc3 Bc5 33. Rb3 Rd8 34.
Nxc5 bxc5 35. Rb5 Rxd6 36. Rxa5 Nf6 37. Rxc5 Bd1 38. Rc7+ Kf8 39. a5 Ng4+ 40.
Kg1 Re6 41. Re7 Ra6 42. Re1 Bb3 43. Ra1 Bxc4 44. Nb6 Be6 45. Bb7 Ra7 46. a6 Nf6
47. Re1 Bg4 48. Kf2 Ne8 49. Nd5 Nd6 50. Re7 Bh3 51. Rc7 Be6 52. Nf4 Bf5 53. Ke3
Ne8 54. Rc6 Kf7 55. Kd4 1-0

[Event "4NCL/Div2/KHE vs. SWD1"]
[Site "West Bromwich ENG"]
[Date "2004.11.21"]
[Round "4.3"]
[White "Kwiatkowski, Feliks J"]
[Black "Dineley, Richard D P"]
[Result "1-0"]
[WhiteElo "2229"]
[BlackElo "2299"]
[PlyCount "91"]
[EventDate "2004.11.21"]
[SourceDate "2004.09.21"]

1. e4 c5 2. Nf3 d6 3. d4 cxd4 4. Nxd4 Nf6 5. Nc3 e6 6. Be2 Be7 7. O-O O-O 8. f4
a6 9. Kh1 Qc7 10. Be3 Nc6 11. Qe1 Nxd4 12. Bxd4 b5 13. Qg3 Bb7 14. a3 Bc6 15.
Rae1 Qb7 16. Bd3 b4 17. Nd1 bxa3 18. bxa3 Rac8 19. Nf2 Rfe8 20. Bxf6 Bxf6 21.
e5 dxe5 22. fxe5 Bd8 23. Ng4 Kh8 24. Qh3 h6 25. Rb1 Qa8 26. Nxh6 Bxg2+ 27. Qxg2
Qxg2+ 28. Kxg2 gxh6 29. Rxf7 Rc7 30. Rb7 Rxf7 31. Rxf7 Bg5 32. Ra7 Bf4 33. Rxa6
Bxe5 34. Bc4 Rd8 35. Bd3 Rd6 36. Ra7 Bf4 37. a4 e5 38. h4 Be3 39. Rb7 Rd4 40.
Kf3 Bf4 41. a5 Bh2 42. a6 Bg1 43. a7 Rf4+ 44. Ke2 Bxa7 45. Rxa7 Rxh4 46. Kf3
1-0

[Event "4NCL/Div2/KHE vs. SWD1"]
[Site "West Bromwich ENG"]
[Date "2004.11.21"]
[Round "4.4"]
[White "Jones, Richard S"]
[Black "O'Shaughnessy, Conor"]
[Result "1-0"]
[WhiteElo "2297"]
[BlackElo "2189"]
[PlyCount "55"]
[EventDate "2004.11.21"]
[SourceDate "2004.09.21"]

1. e4 c5 2. Nf3 d6 3. d4 cxd4 4. Nxd4 Nf6 5. Nc3 a6 6. Bc4 e6 7. Bb3 Nbd7 8.
Bg5 h6 9. Bh4 Nc5 10. f4 Be7 11. Qf3 Qa5 12. O-O-O g5 13. fxg5 hxg5 14. Bg3 Nh5
15. Rhf1 Rh7 16. Kb1 Nxg3 17. hxg3 Nxb3 18. axb3 Qe5 19. Qd3 Rh6 20. Na4 Bd7
21. Nb6 Rd8 22. Nc4 Qc5 23. Qf3 Rf6 24. Qh5 Rxf1 25. Qh8+ Bf8 26. Rxf1 Bc8 27.
Qg8 Qc7 28. Ne3 1-0

[Event "4NCL/Div2/KHE vs. SWD1"]
[Site "West Bromwich ENG"]
[Date "2004.11.21"]
[Round "4.5"]
[White "Guthrie, David"]
[Black "James, David J"]
[Result "1/2-1/2"]
[WhiteElo "2170"]
[BlackElo "2236"]
[PlyCount "31"]
[EventDate "2004.11.21"]
[SourceDate "2004.09.21"]

1. d4 Nf6 2. c4 e6 3. Nc3 Bb4 4. e3 O-O 5. Bd3 d5 6. Nf3 c5 7. O-O dxc4 8. Bxc4
cxd4 9. exd4 Nbd7 10. Qe2 Bxc3 11. bxc3 b6 12. Bd3 Qc7 13. c4 Bb7 14. Bd2 Rfe8
15. Rfe1 Rac8 16. a4 1/2-1/2

[Event "4NCL/Div2/KHE vs. SWD1"]
[Site "West Bromwich ENG"]
[Date "2004.11.21"]
[Round "4.6"]
[White "Zeidler, Sven P"]
[Black "Okike, David C"]
[Result "1/2-1/2"]
[WhiteElo "2182"]
[BlackElo "2158"]
[PlyCount "114"]
[EventDate "2004.11.21"]
[SourceDate "2004.09.21"]

1. e4 e6 2. d4 d5 3. exd5 exd5 4. Nf3 Nf6 5. Bg5 Be7 6. Bd3 Bg4 7. O-O O-O 8.
Re1 Nbd7 9. Nbd2 c6 10. c3 Bd6 11. Qc2 Qc7 12. h3 Bh5 13. Ne5 Bg6 14. f4 Bxd3
15. Qxd3 h6 16. Bxf6 Nxf6 17. g4 Rae8 18. Re2 Re7 19. Rae1 Rfe8 20. Qf3 Nh7 21.
h4 f6 22. Ng6 Rxe2 23. Rxe2 Qf7 24. f5 Rxe2 25. Qxe2 Nf8 26. h5 Nxg6 27. hxg6
Qe7 28. Qxe7 Bxe7 29. Kf2 Kf8 30. Ke3 Ke8 31. Nb3 b6 32. Nc1 Bd6 33. Nd3 Kd7
34. b3 Bb8 35. c4 Bd6 36. a4 a5 37. Nc1 Bh2 38. Ne2 Bd6 39. Kd3 Bc7 40. Nc3 Kd6
41. Na2 Kd7 42. Nc1 Bb8 43. Kc3 Bg3 44. Nd3 Bd6 45. cxd5 cxd5 46. b4 Kc6 47.
Kb3 Kc7 48. bxa5 bxa5 49. Kc3 Kc6 50. Kd2 Kb6 51. Ne5 Kc7 52. Nf7 Bf8 53. Ke3
Kd7 54. Kf4 Bd6+ 55. Kf3 Ke7 56. Nxd6 Kxd6 57. Ke3 Kd7 1/2-1/2

[Event "4NCL/Div2/KHE vs. SWD1"]
[Site "West Bromwich ENG"]
[Date "2004.11.21"]
[Round "4.7"]
[White "Connolly, Suzanne"]
[Black "Blackburn, Jonathan L B"]
[Result "0-1"]
[WhiteElo "2076"]
[BlackElo "2179"]
[PlyCount "112"]
[EventDate "2004.11.21"]
[SourceDate "2004.09.21"]

1. e4 e6 2. d4 d5 3. Nd2 Be7 4. c3 Nf6 5. e5 Nfd7 6. Bd3 c5 7. Ne2 b6 8. O-O
Ba6 9. Bxa6 Nxa6 10. f4 g6 11. Nf3 b5 12. Be3 c4 13. Bf2 h5 14. Qe1 h4 15. h3
Nb6 16. Kh2 Nc7 17. Qd2 Kf8 18. Neg1 Ne8 19. Ng5 Ng7 20. N1f3 Nf5 21. Qe1 Kg7
22. Bxh4 Nxh4 23. Nxh4 Bxg5 24. fxg5 Qxg5 25. Nf3 Qf4+ 26. g3 Qf5 27. h4 g5 28.
Kg2 gxh4 29. Nxh4 Qg5 30. Qc1 Qxc1 31. Raxc1 Rag8 32. Rf4 Kf8 33. Rcf1 Rh7 34.
R1f2 Rhg7 35. Kf1 Ke7 36. R4f3 a5 37. a3 Na4 38. Ng2 Rh8 39. Nh4 Rb8 40. Ng2
Rh7 41. Nh4 b4 42. axb4 axb4 43. Kg2 bxc3 44. bxc3 Nb2 45. Rc2 Nd3 46. Rf1 Rhh8
47. Nf3 Rhg8 48. Ne1 Rb2 49. Rxb2 Nxb2 50. Nc2 Na4 51. Rf3 Rb8 52. Nb4 Rb6 53.
Kh3 Nxc3 54. Rxc3 Rxb4 55. Kg4 Rb3 56. Rc2 Rd3 0-1

[Event "4NCL/Div2/KHE vs. SWD1"]
[Site "West Bromwich ENG"]
[Date "2004.11.21"]
[Round "4.8"]
[White "Blackburn, Suzie"]
[Black "Lewis, Alex"]
[Result "0-1"]
[WhiteElo "2055"]
[BlackElo "2145"]
[PlyCount "122"]
[EventDate "2004.11.21"]
[SourceDate "2004.09.21"]

1. d4 Nf6 2. Nf3 g6 3. Bg5 Bg7 4. Nbd2 O-O 5. e3 d6 6. Bd3 b6 7. O-O c5 8. c3
Bb7 9. a4 Nbd7 10. b4 h6 11. Bh4 cxb4 12. cxb4 Rc8 13. Qb3 Qc7 14. Bb5 g5 15.
Bg3 Nh5 16. Qb2 Ndf6 17. Rfc1 Qb8 18. Be2 Nxg3 19. hxg3 Rxc1+ 20. Rxc1 Rc8 21.
Ne1 Rc7 22. Bf3 Bxf3 23. gxf3 Qc8 24. Rxc7 Qxc7 25. Qc2 Nd5 26. Qxc7 Nxc7 27.
Nd3 Kf8 28. b5 Nd5 29. Nc4 Nc3 30. a5 bxa5 31. Nxa5 Nxb5 32. Nb4 Ke8 33. Nbc6
Kd7 34. g4 e6 35. Kf1 Kc7 36. Nb4 Bf8 37. Ke1 Na3 38. Kd2 Kb6 39. Nb3 a5 40.
Nd3 a4 41. Nbc1 d5 42. Na2 Nc4+ 43. Kc3 Kb5 44. Kc2 Bd6 45. Nc3+ Ka5 46. Na2
Nb6 47. Kc3 Nd7 48. e4 Kb5 49. e5 Bc7 50. Nb2 Nb8 51. Kd3 Ba5 52. Nd1 Nc6 53.
Ndc3+ Bxc3 54. Kxc3 a3 55. Nc1 Ka4 56. Nd3 a2 57. Kb2 Kb5 58. Nc5 Nxd4 59. Nb7
Nxf3 60. Nd6+ Kb4 61. Nxf7 d4 0-1

[Event "4NCL/Div2/WGR3 vs. MIN1"]
[Site "West Bromwich ENG"]
[Date "2004.11.21"]
[Round "4.1"]
[White "McDonald, Neil"]
[Black "McFarland, Robert S"]
[Result "0-1"]
[WhiteElo "2380"]
[BlackElo "2282"]
[PlyCount "76"]
[EventDate "2004.11.21"]
[SourceDate "2004.09.21"]

1. e4 g6 2. d4 d6 3. Nc3 c6 4. Be3 Bg7 5. Qd2 Nd7 6. h4 h5 7. Nf3 b5 8. Ng5 Nb6
9. b3 Bb7 10. a4 a6 11. Bd3 e6 12. axb5 cxb5 13. O-O d5 14. exd5 Nxd5 15. Nce4
Ngf6 16. Nc5 Qb6 17. Qa5 Qxa5 18. Rxa5 Rb8 19. Nge4 Nxe3 20. fxe3 Bxe4 21. Bxe4
Ng4 22. Bc6+ Ke7 23. Rxa6 Nxe3 24. Ra7+ Kd6 25. Rfxf7 Bxd4 26. Bf3 Bxc5 27.
Rad7+ Ke5 28. Kh2 Rhd8 29. Rc7 Rbc8 30. Rb7 Rb8 31. Rbc7 Rdc8 32. Rcd7 Nf5 33.
Rd1 Bf2 34. Rd2 Bxh4 35. Re2+ Kd6 36. Ra7 Rb6 37. Be4 Bg5 38. Bxf5 gxf5 0-1

[Event "4NCL/Div2/WGR3 vs. MIN1"]
[Site "West Bromwich ENG"]
[Date "2004.11.21"]
[Round "4.2"]
[White "Radovanovic, Jovica"]
[Black "Tan, Desmond"]
[Result "1/2-1/2"]
[WhiteElo "2288"]
[BlackElo "2332"]
[PlyCount "42"]
[EventDate "2004.11.21"]
[SourceDate "2004.09.21"]

1. e4 c5 2. Nf3 d6 3. d4 cxd4 4. Nxd4 Nf6 5. Nc3 g6 6. Be2 Bg7 7. O-O O-O 8.
Re1 Nc6 9. Nb3 Be6 10. Bf1 a5 11. a4 Bxb3 12. cxb3 Nb4 13. Bg5 h6 14. Be3 Rc8
15. Rc1 e6 16. Qe2 Rc6 17. Qf3 d5 18. Bb5 dxe4 19. Nxe4 Rxc1 20. Rxc1 Nxe4 21.
Qxe4 Qd5 1/2-1/2

[Event "4NCL/Div2/WGR3 vs. MIN1"]
[Site "West Bromwich ENG"]
[Date "2004.11.21"]
[Round "4.3"]
[White "Grant, Jonathan"]
[Black "Richards, Heather"]
[Result "1-0"]
[WhiteElo "2272"]
[BlackElo "2197"]
[PlyCount "113"]
[EventDate "2004.11.21"]
[SourceDate "2004.09.21"]

1. c4 c5 2. Nc3 Nc6 3. g3 e6 4. Nf3 Nf6 5. Bg2 Be7 6. O-O d5 7. cxd5 exd5 8. d4
O-O 9. Bf4 Be6 10. Rc1 Rc8 11. dxc5 Bxc5 12. Ne5 Re8 13. Na4 Bb6 14. Nxc6 bxc6
15. Nc5 Bg4 16. Re1 d4 17. Nb7 Qd7 18. Nd6 c5 19. Nxc8 Qxc8 20. b3 Qa6 21. Bf1
Qxa2 22. Ra1 Qb2 23. Qd3 Nd5 24. Bd2 Nb4 25. Qb5 Rd8 26. Bxb4 Bd7 27. Ba3 Qxa1
28. Qxb6 axb6 29. Rxa1 Be6 30. b4 c4 31. Bc1 h6 32. Bf4 b5 33. Ra5 g5 34. Bc1
d3 35. exd3 cxd3 36. Bd2 Bc4 37. Bg2 Re8 38. Ra8 Rxa8 39. Bxa8 Kg7 40. f3 Kg6
41. Kf2 f5 42. Ke3 Kf6 43. Kd4 Ke6 44. Kc5 Ke5 45. f4+ Ke6 46. Bc6 g4 47. Bxb5
Bxb5 48. Kxb5 Kd5 49. Ka6 Ke4 50. b5 Kf3 51. b6 Kg2 52. b7 Kxh2 53. Be1 d2 54.
Bxd2 Kxg3 55. b8=Q Kh2 56. Qh8 g3 57. Qxh6+ 1-0

[Event "4NCL/Div2/WGR3 vs. MIN1"]
[Site "West Bromwich ENG"]
[Date "2004.11.21"]
[Round "4.4"]
[White "Kafka, Graeme"]
[Black "Gilbert, Jessie"]
[Result "1-0"]
[WhiteElo "2122"]
[BlackElo "2138"]
[PlyCount "83"]
[EventDate "2004.11.21"]
[SourceDate "2004.09.21"]

1. e4 c5 2. Nf3 g6 3. d4 cxd4 4. Qxd4 Nf6 5. e5 Nc6 6. Qa4 Nd5 7. Qe4 Nc7 8.
Nc3 Bg7 9. Bc4 Ne6 10. O-O Rb8 11. Re1 b6 12. Qh4 h6 13. Bd2 Bb7 14. Rad1 Qc8
15. Bd5 Na5 16. Bxb7 Rxb7 17. Nd5 g5 18. Qe4 Nc4 19. Bb4 Bf8 20. b3 Na5 21.
Bxa5 bxa5 22. Rd3 Qb8 23. Rc3 Bg7 24. Qc4 Qd8 25. Qc8 Rb8 26. Nc7+ Nxc7 27.
Qxc7 a6 28. Rd1 g4 29. Rxd7 Qxc7 30. Rcxc7 O-O 31. Nd2 Bxe5 32. Ra7 Rfd8 33.
Nc4 Bc3 34. Kf1 a4 35. Ke2 axb3 36. axb3 Bb4 37. Rxd8+ Rxd8 38. Rxa6 Rd5 39.
Rxh6 Kg7 40. Rb6 Bc3 41. Rc6 Bb4 42. Ne3 1-0

[Event "4NCL/Div2/WGR3 vs. MIN1"]
[Site "West Bromwich ENG"]
[Date "2004.11.21"]
[Round "4.5"]
[White "Hasman, Cengiz"]
[Black "Hagesaether, Arne"]
[Result "0-1"]
[WhiteElo "2153"]
[BlackElo "2170"]
[PlyCount "104"]
[EventDate "2004.11.21"]
[SourceDate "2004.09.21"]

1. d4 d5 2. c4 c6 3. cxd5 cxd5 4. Nf3 Nf6 5. Nc3 Nc6 6. Bf4 a6 7. e3 Bg4 8. Bd3
e6 9. Qb3 Bxf3 10. gxf3 Na5 11. Qa4+ Nd7 12. Rc1 Rc8 13. O-O Nc4 14. Bxc4 Rxc4
15. Qb3 Nb6 16. a3 Bd6 17. Bxd6 Qxd6 18. Ne4 dxe4 19. Rxc4 Nxc4 20. Qxc4 exf3
21. Qc8+ Qd8 22. Rc1 O-O 23. Qxd8 Rxd8 24. Rc7 g5 25. h3 h5 26. h4 Rd5 27. Rxb7
gxh4 28. Rc7 Rg5+ 29. Kh1 Kg7 30. Rc2 Kf6 31. b4 Rg2 32. a4 Kf5 33. b5 axb5 34.
axb5 Kg4 35. b6 Kh3 36. b7 Rh2+ 37. Kg1 Rg2+ 38. Kf1 Rh2 39. Ke1 Rh1+ 40. Kd2
Rb1 41. Rc7 Kg2 42. Rxf7 h3 43. Rg7+ Kxf2 44. Rh7 h2 45. Rxh5 Kg2 46. Rg5+ Kf1
47. Rh5 Rxb7 48. Kd3 Kg2 49. Rg5+ Kh3 50. Rh5+ Kg3 51. Rh8 Rb1 52. Rg8+ Kf2 0-1

[Event "4NCL/Div2/WGR3 vs. MIN1"]
[Site "West Bromwich ENG"]
[Date "2004.11.21"]
[Round "4.6"]
[White "Almond, Richard"]
[Black "Maduekwe, Chiedu"]
[Result "0-1"]
[WhiteElo "2158"]
[BlackElo "2142"]
[PlyCount "78"]
[EventDate "2004.11.21"]
[SourceDate "2004.09.21"]

1. d4 d5 2. c4 c6 3. Nf3 Nf6 4. Nc3 dxc4 5. a4 Bf5 6. e3 e6 7. Bxc4 Bb4 8. O-O
Nbd7 9. Qe2 Bg6 10. e4 Bxc3 11. bxc3 Nxe4 12. Ba3 Qc7 13. Rfc1 O-O-O 14. Ra2
Kb8 15. Rb2 Ka8 16. Ba2 Qf4 17. Rb3 Bh5 18. c4 Ng5 19. Qe3 Nxf3+ 20. gxf3 Qxe3
21. Rxe3 Nf6 22. Bb2 Rd7 23. Bb1 Rhd8 24. Be4 Bg6 25. a5 a6 26. Rce1 Kb8 27.
Rb3 Kc8 28. Bc3 Ne8 29. Rb4 Nd6 30. Re3 Nf5 31. Bxf5 Bxf5 32. Kg2 f6 33. Kg3 c5
34. dxc5 Rc7 35. Ra4 Rxc5 36. Be1 Bc2 37. Rb4 Rg5+ 38. Kh3 Bf5+ 39. Kh4 Rd4+
0-1

[Event "4NCL/Div2/WGR3 vs. MIN1"]
[Site "West Bromwich ENG"]
[Date "2004.11.21"]
[Round "4.7"]
[White "Cutmore, David A"]
[Black "Horton, Justin"]
[Result "1/2-1/2"]
[WhiteElo "2092"]
[BlackElo "2091"]
[PlyCount "33"]
[EventDate "2004.11.21"]
[SourceDate "2004.09.21"]

1. d4 Nf6 2. c4 e6 3. Nc3 Bb4 4. f3 d5 5. a3 Bxc3+ 6. bxc3 c5 7. cxd5 exd5 8.
e3 O-O 9. Bd3 Re8 10. Ne2 b6 11. O-O Ba6 12. Bxa6 Nxa6 13. Ng3 Nc7 14. Qd3 Ne6
15. Ra2 Rc8 16. Re2 Qc7 17. Bb2 1/2-1/2

[Event "4NCL/Div2/WGR3 vs. MIN1"]
[Site "West Bromwich ENG"]
[Date "2004.11.21"]
[Round "4.8"]
[White "Muter, Donny"]
[Black "Cutmore, Martin J"]
[Result "0-1"]
[WhiteElo "2113"]
[BlackElo "2030"]
[PlyCount "51"]
[EventDate "2004.11.21"]
[SourceDate "2004.09.21"]

1. d4 Nf6 2. Nf3 c5 3. d5 b5 4. c4 e6 5. Bg5 exd5 6. cxd5 Qa5+ 7. Nc3 Ne4 8.
Bd2 Nxd2 9. Qxd2 d6 10. e4 b4 11. Nd1 Be7 12. Ne3 O-O 13. Be2 Qd8 14. O-O Nd7
15. Qc2 Re8 16. Nd2 a5 17. f4 a4 18. Rad1 Bf6 19. Ndc4 Bd4 20. Kh1 Nf6 21. Bd3
b3 22. axb3 axb3 23. Qb1 Ra2 24. Rde1 Ba6 25. Nd1 Ng4 26. Re2 0-1

[Event "4NCL/Div2/HKF1 vs. WWKS1"]
[Site "West Bromwich ENG"]
[Date "2004.11.21"]
[Round "4.1"]
[White "Bauer, Christian"]
[Black "Wu, Li"]
[Result "1-0"]
[WhiteElo "2622"]
[BlackElo "2236"]
[PlyCount "47"]
[EventDate "2004.11.21"]
[SourceDate "2004.09.21"]

1. g3 g6 2. c4 Bg7 3. d4 Nf6 4. Bg2 O-O 5. Nc3 d6 6. Nf3 Nc6 7. O-O Rb8 8. Re1
a6 9. Rb1 b5 10. cxb5 axb5 11. b4 d5 12. Bf4 Bf5 13. Rc1 Nxb4 14. Qb3 Na6 15.
Ne5 Rb6 16. Nxd5 Nxd5 17. Bxd5 Bxe5 18. Bxe5 Be6 19. Bxe6 fxe6 20. e4 Qd7 21.
h4 h6 22. Kg2 Kh7 23. Re3 Rc6 24. Rf3 1-0

[Event "4NCL/Div2/HKF1 vs. WWKS1"]
[Site "West Bromwich ENG"]
[Date "2004.11.21"]
[Round "4.2"]
[White "Hynes, Anthony"]
[Black "Arkell, Keith C"]
[Result "1/2-1/2"]
[WhiteElo "2247"]
[BlackElo "2489"]
[PlyCount "101"]
[EventDate "2004.11.21"]
[SourceDate "2004.09.21"]

1. e4 c5 2. Nf3 e6 3. d4 cxd4 4. Nxd4 Nc6 5. Nc3 a6 6. Be2 Qc7 7. O-O Nxd4 8.
Qxd4 b5 9. Be3 Bb7 10. Rad1 Nf6 11. e5 Nd5 12. Nxd5 Bxd5 13. Rc1 Rc8 14. a4 Qb7
15. axb5 axb5 16. Qg4 g6 17. Ra1 Bg7 18. Ra7 Qb8 19. Qb4 Bxe5 20. f4 Bd6 21.
Qxb5 O-O 22. c3 Rc7 23. Qxb8 Rxb8 24. Rxc7 Bxc7 25. b4 Ra8 26. Rd1 Ra3 27. Rc1
Be4 28. g3 d5 29. Bd4 Ra2 30. Bf1 Bd6 31. b5 g5 32. c4 dxc4 33. Rxc4 h6 34.
fxg5 hxg5 35. Bf6 Bb7 36. Bxg5 Kg7 37. Be3 e5 38. Bc5 Bb8 39. Rc1 Rd2 40. b6 f5
41. Be3 Rd8 42. Bg2 Bxg2 43. Kxg2 f4 44. gxf4 exf4 45. Bf2 Rd3 46. Rc7+ Kg6 47.
Rc8 f3+ 48. Kh3 Be5 49. b7 Rb3 50. Rc6+ Kf5 51. Rb6 1/2-1/2

[Event "4NCL/Div2/HKF1 vs. WWKS1"]
[Site "West Bromwich ENG"]
[Date "2004.11.21"]
[Round "4.3"]
[White "Wells, Peter K"]
[Black "James, Russell A"]
[Result "1-0"]
[WhiteElo "2504"]
[BlackElo "2212"]
[PlyCount "87"]
[EventDate "2004.11.21"]
[SourceDate "2004.09.21"]

1. d4 d5 2. c4 e6 3. Nc3 Nf6 4. cxd5 exd5 5. Bg5 c6 6. e3 Bf5 7. Qf3 Bg6 8.
Bxf6 Qxf6 9. Qxf6 gxf6 10. Kd2 Nd7 11. h4 Nb6 12. h5 Bf5 13. b3 Ba3 14. Bd3
Bxd3 15. Kxd3 Rg8 16. g3 Kd7 17. Nge2 f5 18. Raf1 Nc8 19. Kc2 Nd6 20. Nb1 Bb4
21. a3 Ba5 22. Nf4 Rac8 23. Nd3 Ne4 24. Rh4 Bd8 25. Rf4 Ke6 26. Nd2 b6 27. g4
Rxg4 28. f3 Nxd2 29. fxg4 Nxf1 30. gxf5+ Kf6 31. Rxf1 Be7 32. b4 Rg8 33. Ne5
Bd6 34. Nxc6 Rc8 35. b5 Bxa3 36. Ra1 Bf8 37. Rxa7 Kxf5 38. Rxf7+ Ke4 39. Kd2
Bh6 40. Ke2 Ra8 41. Re7+ Kf5 42. Rxh7 Kg5 43. Rd7 Kxh5 44. Rxd5+ 1-0

[Event "4NCL/Div2/HKF1 vs. WWKS1"]
[Site "West Bromwich ENG"]
[Date "2004.11.21"]
[Round "4.4"]
[White "Fishburne, Stewart K"]
[Black "Berzinsh, Roland"]
[Result "0-1"]
[WhiteElo "2190"]
[BlackElo "2458"]
[PlyCount "94"]
[EventDate "2004.11.21"]
[SourceDate "2004.09.21"]

1. e4 e5 2. Nf3 Nc6 3. Bb5 a6 4. Ba4 Nf6 5. d4 exd4 6. O-O Be7 7. Re1 b5 8. e5
Nxe5 9. Rxe5 bxa4 10. Nxd4 O-O 11. Nf5 Bb4 12. Bg5 d5 13. Nc3 c6 14. Nxa4 Bxf5
15. Rxf5 Be7 16. Qd4 Re8 17. c4 Ne4 18. Bxe7 Qxe7 19. Rf3 c5 20. Qd1 d4 21. Nb6
Rab8 22. Nd5 Qe5 23. Rb3 Rbd8 24. Qe2 Nd6 25. Qxe5 Rxe5 26. Nb6 Re2 27. f3 h5
28. Rc1 g5 29. Nd5 Kg7 30. Kf1 Rd2 31. Nb6 Re8 32. Re1 Rxe1+ 33. Kxe1 Rxg2 34.
Nd7 Nxc4 35. Nxc5 Nxb2 36. Ra3 d3 37. Nxd3 Nxd3+ 38. Rxd3 Rxa2 39. h4 g4 40.
Rd5 f6 41. Rxh5 g3 42. Kf1 a5 43. Kg1 a4 44. Ra5 a3 45. h5 Kh6 46. Ra6 Kxh5 47.
Rxf6 Rb2 0-1

[Event "4NCL/Div2/HKF1 vs. WWKS1"]
[Site "West Bromwich ENG"]
[Date "2004.11.21"]
[Round "4.5"]
[White "Prie, Eric"]
[Black "Baruch, Andrew J D"]
[Result "1-0"]
[WhiteElo "2439"]
[BlackElo "2090"]
[PlyCount "61"]
[EventDate "2004.11.21"]
[SourceDate "2004.09.21"]

1. d4 e6 2. a3 f5 3. c4 Nf6 4. Nc3 Be7 5. Qc2 d5 6. Bf4 c6 7. e3 O-O 8. Bd3 g6
9. Nf3 Ne4 10. Bh6 Re8 11. g4 Bh4 12. O-O-O Nxf2 13. g5 Ng4 14. Nxh4 Nxh6 15.
Nf3 Ng4 16. Qd2 e5 17. h3 Nxe3 18. Qxe3 e4 19. Rde1 Be6 20. cxd5 Bf7 21. Bxe4
fxe4 22. Ne5 Bxd5 23. h4 Nd7 24. Ng4 Qe7 25. h5 gxh5 26. Rxh5 Rf8 27. g6 hxg6
28. Rh6 Qg7 29. Reh1 Rf3 30. Qg5 Rf5 31. Rh8+ 1-0

[Event "4NCL/Div2/HKF1 vs. WWKS1"]
[Site "West Bromwich ENG"]
[Date "2004.11.21"]
[Round "4.6"]
[White "McCumiskey, Andrew"]
[Black "Crouch, Colin"]
[Result "1/2-1/2"]
[WhiteElo "2100"]
[BlackElo "2374"]
[PlyCount "102"]
[EventDate "2004.11.21"]
[SourceDate "2004.09.21"]

1. d4 Nf6 2. Bg5 d5 3. Bxf6 gxf6 4. e3 e6 5. c4 c6 6. Nc3 f5 7. Qb3 a6 8. Nf3
Bd6 9. g3 dxc4 10. Qxc4 b5 11. Qe2 Bb7 12. Bg2 Nd7 13. O-O h5 14. e4 fxe4 15.
Nxe4 Bc7 16. Rac1 Qe7 17. Ne5 Nxe5 18. dxe5 O-O-O 19. Nc5 Rd5 20. Bxd5 exd5 21.
Nxb7 Kxb7 22. Qc2 Qe6 23. Rfe1 h4 24. a4 hxg3 25. fxg3 bxa4 26. Qxa4 Bb6+ 27.
Kh1 Rg8 28. Qf4 d4 29. Qf3 Rd8 30. Qe4 d3 31. Red1 Rd4 32. Qf3 d2 33. Rc2 Qxe5
34. Kg2 Qd6 35. Qxf7+ Bc7 36. Qf3 Rd3 37. Qe4 Rd4 38. Qf3 Rd3 39. Qe4 Rd4 40.
Qe2 Ba5 41. Qh5 Qe6 42. Qf3 Bb4 43. Kf2 Rd7 44. Kg2 a5 45. h4 Qg6 46. Rc4 Rd3
47. Qg4 Qd6 48. Qf4 Qd5+ 49. Qe4 Qd6 50. Qf4 Qd5+ 51. Qe4 Qd6 1/2-1/2

[Event "4NCL/Div2/HKF1 vs. WWKS1"]
[Site "West Bromwich ENG"]
[Date "2004.11.21"]
[Round "4.7"]
[White "Greet, Andrew N"]
[Black "Cooper, David M"]
[Result "1-0"]
[WhiteElo "2362"]
[BlackElo "2095"]
[PlyCount "71"]
[EventDate "2004.11.21"]
[SourceDate "2004.09.21"]

1. d4 d5 2. c4 Nc6 3. Nc3 Nf6 4. Bg5 Ne4 5. Nxe4 dxe4 6. d5 e6 7. Bxd8 Bb4+ 8.
Qd2 Bxd2+ 9. Kxd2 Nxd8 10. e3 b6 11. Ne2 exd5 12. cxd5 Nb7 13. Rc1 Nc5 14. b4
Nd3 15. Rxc7 Nxb4 16. Nc3 O-O 17. Bc4 Rd8 18. Ke2 Ba6 19. Rd1 Bxc4+ 20. Rxc4
Nd3 21. Rxe4 Nc5 22. Re7 Kf8 23. Rc7 f5 24. Rd4 Rd6 25. Nb5 Rf6 26. Rxa7 Rd8
27. f3 Rh6 28. h3 Rg6 29. Kf2 Rf6 30. g4 fxg4 31. hxg4 h6 32. Kg3 g5 33. e4 Nd7
34. Rd3 Ne5 35. Rc3 Rf4 36. Nd4 1-0

[Event "4NCL/Div2/HKF1 vs. WWKS1"]
[Site "West Bromwich ENG"]
[Date "2004.11.21"]
[Round "4.8"]
[White "Chevannes, Sabrina"]
[Black "Houska, Jovanka"]
[Result "0-1"]
[WhiteElo "2090"]
[BlackElo "2298"]
[PlyCount "86"]
[EventDate "2004.11.21"]
[SourceDate "2004.09.21"]

1. d4 d5 2. Nf3 Nf6 3. e3 Bf5 4. c4 c6 5. Qb3 Qb6 6. Qxb6 axb6 7. Nc3 dxc4 8.
Bxc4 b5 9. Bb3 e6 10. O-O h6 11. Re1 Bh7 12. Nd2 Nbd7 13. e4 b4 14. Nd1 Be7 15.
f3 e5 16. dxe5 Nxe5 17. Bc2 O-O 18. Nf1 Rfd8 19. Nf2 Nfd7 20. f4 Nc4 21. Ne3
Nd6 22. e5 Nb5 23. Bxh7+ Kxh7 24. Nf5 Bf8 25. Ne4 Nc5 26. Nxc5 Bxc5+ 27. Be3
Bxe3+ 28. Nxe3 Rd2 29. Nc4 Rd4 30. Nb6 Ra6 31. Nc8 Rxf4 32. Nd6 Nd4 33. Rab1
Rxa2 34. Nxb7 Ne6 35. Nd6 Kg8 36. Rec1 c5 37. Nb7 c4 38. Nd6 c3 39. bxc3 Rff2
40. cxb4 Rxg2+ 41. Kh1 Rxh2+ 42. Kg1 Rag2+ 43. Kf1 Nf4 0-1

[Event "4NCL/Div2/PYO vs. SLOS1"]
[Site "West Bromwich ENG"]
[Date "2004.11.21"]
[Round "4.1"]
[White "Rendle, Thomas E"]
[Black "Adly, Ahmed"]
[Result "1/2-1/2"]
[WhiteElo "2303"]
[BlackElo "2482"]
[PlyCount "137"]
[EventDate "2004.11.21"]
[SourceDate "2004.09.21"]

1. e4 c5 2. Nf3 d6 3. c3 Nf6 4. Be2 g6 5. O-O Bg7 6. Bb5+ Nbd7 7. Re1 O-O 8. d4
cxd4 9. cxd4 a6 10. Bf1 b5 11. a4 Bb7 12. Nbd2 Qb6 13. Ra3 d5 14. e5 Ne4 15.
Nxe4 dxe4 16. Ng5 Rad8 17. a5 Qa7 18. Qb3 Qxd4 19. e6 fxe6 20. Qxe6+ Kh8 21.
Be3 Qd5 22. Rc3 Qxe6 23. Nxe6 Bxc3 24. bxc3 Rc8 25. Rd1 Bc6 26. Nxf8 Rxf8 27.
c4 Rb8 28. cxb5 Bxb5 29. h3 Nf6 30. Rb1 Nd5 31. Bd4+ Kg8 32. Bxb5 axb5 33. a6
b4 34. a7 Ra8 35. Ra1 Nc3 36. Kf1 Nb5 37. Bc5 b3 38. Rb1 Nxa7 39. Rxb3 Nc6 40.
Re3 Ra1+ 41. Ke2 Ra2+ 42. Kf1 Rc2 43. Bb6 Rc4 44. Ra3 Nb4 45. Be3 Nd5 46. Ra5
Nf6 47. Bg5 Kf7 48. Re5 Rd4 49. Ke1 h5 50. g4 hxg4 51. hxg4 Nxg4 52. Rxe7+ Kf8
53. Re6 Nh2 54. Be3 Nf3+ 55. Kf1 Ra4 56. Kg2 Kf7 57. Rb6 Ne5 58. Kg3 Nd3 59.
Rb7+ Kf6 60. Rb6+ Kf5 61. Rb8 Ra1 62. Rf8+ Ke6 63. Re8+ Kd5 64. Rd8+ Kc6 65.
Re8 Rg1+ 66. Kh2 Rg4 67. Kh3 Kd7 68. Ra8 Rg1 69. Ra4 1/2-1/2